| 000 | 00546 a2200205 4500 | ||
|---|---|---|---|
| 001 | 140841 | ||
| 040 | _cLeonardo Da Vinci | ||
| 041 | _aPortuguês | ||
| 082 |
_aI N769p _bN769p |
||
| 100 | _aNORONHA, Maria Teresa Guimarães | ||
| 245 | _aO porão mal-assombrado | ||
| 250 | _a7.ed | ||
| 260 |
_bModerna _c1990 _aSão Paulo |
||
| 300 | _a23 | ||
| 362 | _a19900000 | ||
| 490 | _aGirassol | ||
| 500 | _aHenrique Farias (Ilustração) | ||
| 697 |
_aLiteratura infantil _aLiteratura infanto-juvenil _aMistério _aMedo _aFantasma |
||
| 942 | _cBK | ||
| 999 |
_c140841 _d140841 |
||